| 000 | 00654nam a2200193Ia 4500 | ||
|---|---|---|---|
| 001 | 23724 | ||
| 003 | GE_BSU | ||
| 008 | 181216s||||||||xx |||||||||||||| ||und|| | ||
| 040 | _cGE_BSU | ||
| 245 | _aТеоретическая и математическая физика Том 196 №2 август 2018 | ||
| 245 | _cГл.ред.А.А.Славнов | ||
| 260 | _aмосква | ||
| 260 | _c2018г. | ||
| 300 | _a340 стр. 23 см. | ||
| 653 | _aПериодика | ||
| 653 | _aТеоретическая и математическая физика Том 194э6 №2 август 2018 | ||
| 653 | _aპერიოდიკა | ||
| 942 | _cCR | ||
| 999 |
_c56608 _d56608 |
||